000 00661nam a2200181Ia 4500
008 151202s9999||||xx |||||||||||||| ||und||
082 _bPNVM-83392
100 _aशनवारे ना . कृ.
245 _aअपूर्णातून अपूर्णाकडे.
260 _bमॅजेस्टिक प्रकाशन.
260 _c1997
300 _a202
600 _aशनवारे ना . कृ.
630 _aअपूर्णातून अपूर्णाकडे.
700 _aशनवारे ना . कृ.
730 _aअपूर्णातून अपूर्णाकडे.
942 _cBOOK
999 _c1348218
_d1348215